[Event "Moscow op"]
[Site "Moscow"]
[Date "2011.01.06"]
[Round "4"]
[White "Malov, Lev Pavlovich"]
[Black "Maksoev, Georgy"]
[Result "1/2-1/2"]
[WhiteElo "2016"]
[BlackElo "1986"]
[PlyCount "182"]
[EventDate "2011.01.03"]
[EventType "swiss"]
[EventRounds "9"]
[EventCountry "RUS"]
[SourceTitle "CBM 140 Extra"]
[Source "ChessBase"]
[SourceDate "2011.03.01"]
[SourceVersion "1"]
[SourceVersionDate "2011.03.01"]
[SourceQuality "1"]

1. Nf3 Nf6 2. g3 d5 3. d4 e6 4. Bg2 Bd6 5. b3 Nbd7 6. Bb2 0-0 7. 0-0 Qe7 8. Nbd2 e5 9. dxe5 Nxe5 10. Nxe5 Bxe5 11. Bxe5 Qxe5 12. c4 Be6 13. cxd5 Bxd5 14. Bxd5 Qxd5 15. Qc2 Rfe8 16. Nf3 Qe4 17. Qxe4 Nxe4 18. e3 Rad8 19. Rfd1 Nc3 20. Rxd8 Rxd8 21. Kf1 c5 22. Ke1 Ne4 23. Rc1 b5 24. Rc2 g5 25. h3 Rd5 26. Nd2 f5 27. g4 Nd6 28. gxf5 Rxf5 29. Ke2 Kg7 30. f3 Kg6 31. e4 Re5 32. Kf2 Kf6 33. Nf1 c4 34. Ne3 Rc5 35. Ke2 Ke5 36. Nd5 Kd4 37. Rd2+ Ke5 38. Ke3 c3 39. Rc2 Nf5+ 40. Kf2 Kd4 41. Rc1 c2 42. Ke2 Nh4 43. b4 Rc8 44. Ne3 Rc3 45. Nxc2+ Ke5 46. Kd2 Rxf3 47. Ne3 Kxe4 48. Ng4 h5 49. Re1+ Kd4 50. Ne3 Rf2+ 51. Kc1 Kd3 52. Nd5 Rxa2 53. Rd1+ Kc4 54. Ne3+ Kxb4 55. Rd5 Ra1+ 56. Kb2 Rg1 57. Nc2+ Kc4 58. Ne3+ Kb4 59. Nc2+ Ka5 60. Nd4 a6 61. Nb3+ Kb6 62. Rd6+ Kc7 63. Rxa6 Rg2+ 64. Ka3 Nf3 65. Kb4 Rb2 66. Kc3 Rb1 67. Rh6 h4 68. Rf6 Ng1 69. Kc2 Re1 70. Rf5 Nxh3 71. Rxb5 Kd6 72. Nd4 Re5 73. Nf5+ Ke6 74. Nd4+ Kf6 75. Rb6+ Kf7 76. Kd2 Kg7 77. Ne6+ Kh7 78. Nf8+ Kg8 79. Ne6 g4 80. Nd4 Kh7 81. Rb7+ Kh6 82. Rb8 Ng5 83. Rh8+ Nh7 84. Ne2 g3 85. Ng1 Rf5 86. Ke3 Rf7 87. Nh3 Kh5 88. Rg8 Re7+ 89. Kf3 Rf7+ 90. Nf4+ Rxf4+ 91. Kxf4 Nf6 1/2-1/2

[Event "Voronezh op-B"]
[Site "Voronezh"]
[Date "2008.06.20"]
[Round "9"]
[White "Maksoev, Georgy"]
[Black "Korovin, Viktor"]
[Result "0-1"]
[WhiteElo "1958"]
[BlackElo "2082"]
[PlyCount "64"]
[EventDate "2008.06.12"]
[EventType "swiss"]
[EventRounds "9"]
[EventCountry "RUS"]
[SourceTitle "CBM 125 Extra"]
[Source "ChessBase"]
[SourceDate "2008.09.01"]
[SourceVersion "1"]
[SourceVersionDate "2008.09.01"]
[SourceQuality "1"]

1. c4 c5 2. Nc3 Nc6 3. Nf3 g6 4. g3 Bg7 5. Bg2 Nf6 6. 0-0 d6 7. d4 cxd4 8. Nxd4 Bd7 9. e4 0-0 10. Re1 Rc8 11. h3 a6 12. Be3 Nxd4 13. Qxd4 Ng4 14. Qd3 Ne5 15. Qe2 Nxc4 16. Nd5 Bb5 17. Rac1 e6 18. Nc3 Nxe3 19. Qxe3 Bc6 20. Red1 Qe7 21. Rd2 Rfd8 22. Rcd1 h5 23. Ne2 Kh7 24. Nd4 Bh6 25. f4 e5 26. Ne2 h4 27. Qa3 hxg3 28. Rxd6 Rxd6 29. Rxd6 exf4 30. Qb4 Bf8 31. e5 Qxe5 32. Qb3 Bxd6 0-1

[Event "Voronezh op-B"]
[Site "Voronezh"]
[Date "2008.06.14"]
[Round "3"]
[White "Orekhov, Nikolai"]
[Black "Maksoev, Georgy"]
[Result "0-1"]
[WhiteElo "1603"]
[BlackElo "1958"]
[PlyCount "96"]
[EventDate "2008.06.12"]
[EventType "swiss"]
[EventRounds "9"]
[EventCountry "RUS"]
[SourceTitle "CBM 125 Extra"]
[Source "ChessBase"]
[SourceDate "2008.09.01"]
[SourceVersion "1"]
[SourceVersionDate "2008.09.01"]
[SourceQuality "1"]

1. d4 Nf6 2. c4 e6 3. g3 d5 4. Nf3 Nbd7 5. Bg2 Be7 6. 0-0 0-0 7. cxd5 exd5 8. Nc3 c6 9. Qc2 Bd6 10. Nh4 g6 11. Bh6 Re8 12. h3 Nf8 13. f4 Ne6 14. Rad1 Nh5 15. f5 Nf8 16. fxg6 fxg6 17. Nf3 Nxg3 18. Ng5 Nf5 19. Rxf5 Bxf5 20. e4 dxe4 21. Ncxe4 Ne6 22. Qb3 Bxe4 23. Bxe4 Qb6 24. Qc4 Qb4 25. Bd3 b5 26. Qxb4 Bxb4 27. Ne4 Be7 28. Be3 Rad8 29. Bc2 Nc7 30. Bb3+ Nd5 31. Bf2 Kg7 32. Nc3 Nxc3 33. bxc3 Bf6 34. a4 a6 35. axb5 axb5 36. Rd3 Re2 37. Bd1 Ra2 38. Bf3 Ra1+ 39. Kg2 Ra2 40. Kg3 Rd6 41. Be3 Ra3 42. Bf4 Rd8 43. Bxc6 b4 44. Bf3 Rxc3 45. Rxc3 bxc3 46. d5 g5 47. Be3 Re8 48. Kf2 c2 0-1

[Event "Elista Elo-A"]
[Site "Elista"]
[Date "2008.01.08"]
[Round "7"]
[White "Maksoev, Georgy"]
[Black "Chub, Alexey"]
[Result "0-1"]
[WhiteElo "1958"]
[BlackElo "1682"]
[PlyCount "105"]
[EventDate "2008.01.03"]
[EventType "tourn"]
[EventRounds "11"]
[EventCountry "RUS"]
[SourceTitle "EXT 2010"]
[Source "ChessBase"]
[SourceDate "2010.11.25"]
[SourceVersion "1"]
[SourceVersionDate "2010.11.25"]
[SourceQuality "1"]

1. c4 c5 2. Nf3 Nf6 3. g3 b6 4. Bg2 Bb7 5. 0-0 e6 6. Nc3 Be7 7. d4 cxd4 8. Qxd4 Nc6 9. Qf4 0-0 10. e4 d6 11. Rd1 Qb8 12. b3 Nd7 13. Nb5 Nde5 14. Ba3 Rd8 15. Rd2 a6 16. Nc3 h6 17. Rad1 Nxf3+ 18. Qxf3 Qc7 19. Qe3 Rab8 20. f4 Ba8 21. Bf1 Na7 22. Rc1 Nc6 23. Nd5 exd5 24. cxd5 Qd7 25. dxc6 Bxc6 26. Rdc2 Rdc8 27. Bxa6 Bb7 28. Qxb6 Bxa6 29. Qxa6 Rxc2 30. Rxc2 d5 31. Bxe7 Qxe7 32. Rc8+ Rxc8 33. Qxc8+ Kh7 34. Qf5+ Kg8 35. Qc8+ Kh7 36. Qf5+ Kg8 37. Qxd5 Qa7+ 38. Kg2 Qxa2+ 39. Kh3 Qe2 40. b4 h5 41. Qf5 g6 42. Qc8+ Kg7 43. e5 h4 44. Qc3 Kh7 45. Qc7 Kg7 46. Qc3 Kh7 47. Qc7 Kg7 48. Qe7 hxg3 49. Qf6+ Kg8 50. Qd8+ Kg7 51. hxg3 Qf1+ 52. Kh4 Qh1+ 53. Kg4 0-1

[Event "Voronezh op-B 11th"]
[Site "Voronezh"]
[Date "2007.06.16"]
[Round "5"]
[White "Maksoev, Georgy"]
[Black "Fleming, Andrew"]
[Result "0-1"]
[WhiteElo "1954"]
[BlackElo "2043"]
[PlyCount "88"]
[EventDate "2007.06.12"]
[EventType "swiss"]
[EventRounds "9"]
[EventCountry "RUS"]
[SourceTitle "EXT 2010"]
[Source "ChessBase"]
[SourceDate "2010.11.25"]
[SourceVersion "1"]
[SourceVersionDate "2010.11.25"]
[SourceQuality "1"]

1. c4 e6 2. b3 Nf6 3. Bb2 d5 4. Nf3 Be7 5. e3 0-0 6. Be2 b6 7. 0-0 Bb7 8. d3 Nbd7 9. Nbd2 c5 10. Rc1 Bd6 11. Rc2 Re8 12. Qa1 Qc7 13. cxd5 exd5 14. b4 Qd8 15. bxc5 bxc5 16. Nb3 Rc8 17. Rfc1 Qe7 18. Ba3 Rc7 19. Qc3 Rec8 20. Qa5 a6 21. Nbd4 g6 22. Bf1 Ne8 23. Nb3 c4 24. Bxd6 Nxd6 25. Qb4 Ne5 26. Nxe5 Qxe5 27. dxc4 dxc4 28. Na5 Bd5 29. Qb6 Rc5 30. Nb3 R5c6 31. Qd4 Qxd4 32. Nxd4 Rb6 33. f3 f5 34. Kf2 Kg7 35. Be2 Kf6 36. Rd2 Bf7 37. h3 Rcb8 38. g4 a5 39. Kg3 Rb2 40. Rcc2 c3 41. Rd1 Rxc2 42. Nxc2 Ke7 43. Nd4 Rb2 44. Rc1 c2 0-1

[Event "Voronezh op-B 11th"]
[Site "Voronezh"]
[Date "2007.06.12"]
[Round "1"]
[White "Maksoev, Georgy"]
[Black "Ulanov, Sergei"]
[Result "1/2-1/2"]
[WhiteElo "1954"]
[BlackElo "2225"]
[PlyCount "94"]
[EventDate "2007.06.12"]
[EventType "swiss"]
[EventRounds "9"]
[EventCountry "RUS"]
[SourceTitle "EXT 2010"]
[Source "ChessBase"]
[SourceDate "2010.11.25"]
[SourceVersion "1"]
[SourceVersionDate "2010.11.25"]
[SourceQuality "1"]

1. c4 c5 2. Nc3 g6 3. g3 Bg7 4. Bg2 Nc6 5. Nf3 e6 6. 0-0 Nge7 7. d3 0-0 8. Be3 b6 9. Qc1 Nf5 10. Bg5 f6 11. Bd2 Bb7 12. Rb1 Rc8 13. a3 d6 14. b4 Qd7 15. e3 Ne5 16. Qd1 Nxd3 17. e4 Ne7 18. Be3 cxb4 19. axb4 Ne5 20. Nxe5 fxe5 21. Qd3 Rfd8 22. Rfd1 Ba6 23. b5 Bb7 24. Ra1 Ba8 25. Bh3 h6 26. Nd5 Kh8 27. Bxb6 axb6 28. Nxb6 Qc7 29. Nxc8 Qxc8 30. Ra6 Ng8 31. Rxd6 Rxd6 32. Qxd6 Qxc4 33. Bxe6 Qxe4 34. Bd5 Bxd5 35. Qxd5 Qb4 36. Qc6 Kh7 37. Rd7 Ne7 38. Qb7 Nf5 39. Qd5 Nd4 40. Rd8 h5 41. Rb8 Qb1+ 42. Kg2 e4 43. Qg8+ Kh6 44. Rb7 Nf5 45. Rxg7 Nxg7 46. Qh8+ Kg5 47. Qxg7 Qxb5 1/2-1/2